Statistics for State Flag to Capital

Click here to take the quiz!

General Stats

  • This quiz has been taken 9 times
    (7 since last reset)
  • The average score is 21 of 50

Answer Stats

Answer% Correct
Annapolis
100%
Austin
75%
Denver
75%
Harrisburg
75%
Olympia
75%
Phoenix
75%
Sacramento
75%
Atlanta
50%
Baton Rouge
50%
Boston
50%
Columbia
50%
Columbus
50%
Des Moines
50%
Helena
50%
Honolulu
50%
Indianapolis
50%
Jackson
50%
Jefferson City
50%
Juneau
50%
Montpelier
50%
Nashville
50%
Salem
50%
Santa Fe
50%
St. Paul
50%
Albany
25%
Augusta
25%
Bismark
25%
Boise
25%
Carson City
25%
Charleston
25%
Cheyenne
25%
Concord
25%
Dover
25%
Frankfurt
25%
Hartford
25%
Lansing
25%
Lincoln
25%
Little Rock
25%
Madison
25%
Montgomery
25%
Oklahoma City
25%
Pierre
25%
Providence
25%
Raleigh
25%
Richmond
25%
Salt Lake City
25%
Springfield
25%
Tallahassee
25%
Topeka
25%
Trenton
25%

Score Distribution

Percentile by Number Answered

Percent of People with Each Score

Your Score History

You have not taken this quiz since the last reset